LEADER 01106nam a2200277 u 4500 001 000000066146 003 CaOOAMICUS 005 20070226121537.0 008 020108s1967 it u000 u ita u 035 $a10915524 040 $aPUL(R)$bita 100 1 $aMaccagnolo, Enzo.$0(OLS)http://pul/name/5640 245 10$aCertezza e verità :$bstudi sul dualismo presupposto /$cEnzo Maccagnolo. 260 $aBrescia :$bPaideia,$c1967. 300 $a177 p. ;$c22 cm 490 1 $aStudi filosofici ;$v5 504 $aBibliografia in nota. 650 4$aGnoseologia.$0(OLS)http://pul/subject/1860 650 4$aTeoria della conoscenza.$0(OLS)http://pul/subject/449 830 0$aStudi filosofici (Paideia) ;$v5.$0(OLS)http://pul/title/87880 850 $aPUL 852 $aPUL$W1$xSL Filosofia 1$y2$m96 A 29$j85520$nBK-PRI$b $qStampati$B85520$CPULBib$Z2$F85520 $H $81 941 1 $a8 961 $aINV: 29905 996 $6245$aCertezza e verità :$bstudi sul dualismo presupposto$9(OLS)http://pul/title/87879 996 $6260$aBrescia :$bPaideia$9(OLS)http://pul/publisher/47884 LEADER 01322nam a2200325 u 4500 001 000000172932 003 CaOOAMICUS 005 20191218192423.0 008 191218s2018 it u000 u fre r 020 $a978-88-93141-16-1* 032 $aLibriCat 040 $aPUL$bita 100 1 $aHenry, Michel,$d1922-2002.$0(OLS)http://pul/name/39200 240 13$aL' essence de la manifestation.$bItaliano.$0(OLS)http://pul/title/213970 245 12$aL'essenza della manifestazione /$cMichel Henry; a cura di Giuseppina De Simone. 260 $aNapoli :$bOrthotes,$c2018. 300 $a785 p. ;$c22 cm 490 1 $aDialectica 504 $aBibliografia in nota. 650 4$aOntologia.$0(OLS)http://pul/subject/4424 650 4$aFenomenologia.$0(OLS)http://pul/subject/1230 700 1 $aDe Simone, Giuseppina.$0(OLS)http://pul/name/66300 830 0$aDialectica ;$v29.$0(OLS)http://pul/title/22065 850 $aPUL 852 $aPUL$W1$xSL Filosofia 3$y81$m111 HENMI 1$j196919$qDDC 21$B201678$CPULBib$Z2$F201678 $H133778 $82 941 1 $a9 996 $6020$a978-88-93141-16-1*$9(OLS)http://pul/number/166944 996 $6245$aL'essenza della manifestazione$9(OLS)http://pul/title/213969 996 $6260$aNapoli :$bOrthotes$9(OLS)http://pul/publisher/82284